00780nam a2200217 a 450000100060000000300080000600500170001400800410003103500190007204000310009104100080012208200270013010000420015724500670019926000360026630000270030265000620032994200120039199900170040395201420042060969BD-RjUL20211209080916.0170104s1961 nyua 000 0 eng  a(BD-RjUL)61093 aDLC/ICUcICUdBD-RjULbeng aeng00a658.3152223bLIN 19611 aLincoln, James Finney,d1883-918181412aA new approach to industrial economics /cJames Finney Lincoln aNew York :bDevin-Adair,c1961. a166 p.bill. ;c21 cm. 0aIndustrial management.2Lincoln Electric Company.9171014 2ddccBK c60969d60969 00102ddc40718NFICaRUCLbRUCLcReadingd1964-07-28eZeithingerg28.00l0o658.3152 LIN 1961r2017-01-04 00:00:00tC-1w2017-01-04yBK